000 00564nam a2200217Ia 4500
003 OSt
005 20230622114134.0
008 210423s2013 xx 000 0 und d
020 _a9788126508105
040 _cAL
041 _aeng
082 _a530.15 BOAM
_223
100 _aBOAS (Mary L).
_999394
245 _aMathematical methods in the physical sciences.
250 _a3
260 _aNew Delhi
_bWiley and Sons
_c2013
300 _axviii,839
_bPB
365 _b679
_cINR
906 _aMathematical ; methods ; physical ; sciences.
942 _2ddc
_cBK
999 _c162296
_d162296